00895 a2200181 4500003000500000005001700005020001500022040000900037082001600046100001700062245009000079250001200169260002700181300001900208505044200227600001700669650002700686Nust20221118114232.0 a0582444314 cNust a515.35, STE aG.Stephenson aAn introduction to partial differential equations for science students/cG.Stephenson a2nd ed. aLondonbLongmansc1968 ax, 152: pages  aBasic Concepts (Page-1), Classification Of Equations And Boundary Conditions (Page-13), Orthonormal Functions (Page-28), Applications Of Furrier’s Methods (Page-42), Problems Involving Cylindrical And Spherical Symmetry (Page-62), Continuous Eignvalues And Fourier Integrals (Page-79), The Laplace Transform (Page-89), Transform Methods For Boundary Value Problems (Page-107), Green’s Functions And Generalized Functions (Page-128). aG.Stephenson aDifferential Equations